| 000 | 00520nam a2200157Ia 4500 | ||
|---|---|---|---|
| 005 | 20250703021054.0 | ||
| 008 | 240331s9999 xx 000 0 und d | ||
| 020 | _a9789551772123 | ||
| 082 |
_bPRA _a909 |
||
| 100 | _aJayils,W | ||
| 245 | 0 |
_aPrahara hamuwe streewadeen yuda kalapa haraha huwamaru : _bfeminists under fire exchanges across war zones |
|
| 260 |
_aColombo _bSocial Scientists Association _c2008 |
||
| 300 | _a305 p ., | ||
| 500 | _aA book on Feminists under attack - Exchanges across war Zones | ||
| 942 | _cL | ||
| 999 |
_c5283 _d5283 |
||